Mirage Callouts - Statistics

General Stats
  • This quiz has been taken 210 times
  • The average score is 12 of 16
Answer Stats
Picture Answer % Correct
Terrorist Spawn
96%
Counter-Terrorist Spawn
95%
Market
94%
Connector
91%
Bombsite A
89%
Jungle
89%
Palace
89%
Underpass
89%
Bombsite B
88%
Middle
86%
Ladder Room
75%
Terrorist Ramp
71%
Cart
63%
Apartments
53%
Sniper's Nest
43%
Balcony
25%
No matching quizzes found
Score Distribution
Percent of People with Each Score
Percentile by Number Answered
Your Score History
You have not taken this quiz